000 00560nam a2200217Ia 4500
005 20250923150444.0
008 008 250917s9999 xx 000 0 eng d
037 _aTextual
040 _aDSWL
_beng
_cDSWL
041 _aeng
_2eng
084 _qDSWL
100 _aDesai, M
_9846156
245 0 _aChild rights education for participation and development
_cby M Desai
260 _aMumbai
_b Springer
_c2023
300 _a342 p.
365 _aINR
_b1995
650 _aS Goel
_9846157
925 _g1995
942 _cTEXL
999 _c1463641
_d1463641